Sloboda svedomia dieťaťa v kontexte ústavnoprávnych limitov rodičovských práv

Analýza práva dieťaťa na slobodu myslenia, svedomia a náboženstva v interakcii s rodičovskými právami a povinnosťami. Pozornosť sa sústreďuje na limity rodičovskej autonómie, princíp najlepšieho záujmu dieťaťa a procesné štandardy pri zásahoch do slobody svedomia. Autorka formuluje metodiku trojstup...

Descrizione completa

Salvato in:
Dettagli Bibliografici
Autore principale: Chromeková, Mariana
Natura: Capitolo di libro
Lingua:slovacco
Soggetti:
Tags: Aggiungi Tag
Nessun Tag, puoi essere il primo ad aggiungerne!!

MARC

LEADER 00000naa a2200000 4500
001 0313280
005 20251121092719.2
041 0 |a slo 
044 |a SK 
245 1 0 |a Sloboda svedomia dieťaťa v kontexte ústavnoprávnych limitov rodičovských práv  |c Mariana Chromeková 
520 |a Analýza práva dieťaťa na slobodu myslenia, svedomia a náboženstva v interakcii s rodičovskými právami a povinnosťami. Pozornosť sa sústreďuje na limity rodičovskej autonómie, princíp najlepšieho záujmu dieťaťa a procesné štandardy pri zásahoch do slobody svedomia. Autorka formuluje metodiku trojstupňového testu (zákonnosť – legitímny cieľ – nevyhnutnosť a proporcionalitu). Cieľom článku je poskytnúť ucelený právny rámec a metodiku posudzovania takýchto zásahov. 
610 2 0 |a rodina 
610 2 0 |a deti 
610 2 0 |a práva ľudské 
610 2 0 |a právo rodinné 
610 2 0 |a starostlivosť o deti 
610 2 0 |a právo ústavné 
100 1 |a Chromeková, Mariana